Kỹ thuật trồng hoa

Gorde:
Xehetasun bibliografikoak
Egile nagusia: Trương Hữu Tuyên
Formatua: Liburua
Hizkuntza:Undetermined
Argitaratua: Hà Nội Nông Nghiệp 1979
Gaiak:
Etiketak: Etiketa erantsi
Etiketarik gabe, Izan zaitez lehena erregistro honi etiketa jartzen!
Thư viện lưu trữ: Trung tâm Học liệu Trường Đại học Cần Thơ
LEADER 00471nam a2200169Ia 4500
001 CTU_13428
008 210402s9999 xx 000 0 und d
082 |a 635.9 
082 |b T527 
100 |a Trương Hữu Tuyên 
245 0 |a Kỹ thuật trồng hoa 
245 0 |c Trương Hữu Tuyên 
260 |a Hà Nội 
260 |b Nông Nghiệp 
260 |c 1979 
650 |a floriculture 
980 |a Trung tâm Học liệu Trường Đại học Cần Thơ